Регионална библиотека "Любен Каравелов" - Русе

Царкинята жаба (Запис номер 159070)

MARC детайли
000 -Лидер
Контролно поле с фиксирана дължина 01552nam a2200337 c 4500
003 - Код на организацията, давaща контролен номер
Контролно поле BLK
005 - Дата и час на последна редакция
Контролно поле 20191109122320.0
008 - Елементи от данни с фиксирана дължина
fixed length control field 180410b bul|||||r ||||||| ||bul||
010 ## - Наследен системен номер
LC control number KNG00166131000
020 ## - Международен стандартен номер на книга ISBN
Международен стандартен номер на книга ISBN 978-954-340-287-8
-- издат.: New Media Group
040 ## - Източник на каталожния запис
Идентификатор на билиотеката - собственик на записа BLK
041 ## - Код за език
Код за езика на текст/звукозапис или на отделно заглавие Български
Код за езика КДБФ Български
072 #7 - Код за тематичната категория
Код организация bullib
Код за тематична категория Н85
Текст Детска художествена литература Н
080 ## - УДК
Текстов определител УДК Руска литература
УДК код - определител по УДК 821.161.1
УДК определител -93-34
УДК - код + определител 821.161.1-93-34
139 ## - Редно поле
Редна дума Царкинята жаба
Авторски знак Царк - Ц 23
245 10 - Сведения за заглавието
Заглавие Царкинята жаба
Подзаглавни данни Рус. нар. приказка
Редно поле (дума) прев. Веселина Маринова Стоянова; ил. Лидия Григориевна Виноградова.
257 ## - Страна на издаване
Страна на създаване/издаване Русия
260 ## - Област на издателските данни
-- София
Име на издателя, разпространителя и проч. New Media Group
Година на издаване 2013
Печатница София : Алианс принт
300 ## - Физическа характеристика
Страници 32 с.
Илюстрации и др. с цв. ил.
Размери/Мащаб 20 см
380 ## - Жанр
Жанр Детска худож. лит.
490 1# - СЕРИИ (Колекции)
Име на серия Детство мое : Вълшебни приказки в картинки
№: серия 57
500 ## - Общи забележки
Забележка Без сведение за ориг. загл. ; Ориг. загл. Царевна-лягушка. - Детство мое = ISSN C633-4717.
659 ## - Тематичен бюлетин
Тематичен бюлетин Н
700 1# - Други автори (авторска отговорност)
Лично име Стоянова, Веселина Маринова
Автороска отговорност (Описва отношението между автора и произведението) прев.
9 (RLIN) 371058
700 1# - Други автори (авторска отговорност)
Лично име Виноградова, Лидия Григориевна
Автороска отговорност (Описва отношението между автора и произведението) ил.
9 (RLIN) 334348
852 ## - Местоположение
Форматна сигнатура Цб 271281
856 4# - Електронен адрес и достъп
Електронен формат pdf - файл
Път до файла /url/
856 4# - Електронен адрес и достъп
Електронен формат pdf - файл
Път до файла /url/
942 ## - АРТИКУЛИ
Вид на библиотечния материал Книги
Скрит в OPAC Не
Koha issues (borrowed), all copies 1
944 ## - СЪЗДАВАНЕ И РЕДАКЦИЯ на ЗАПИСА
Създаване/Редакция Създаване
Дата на регистрацията/редакция 16.10.2014
Статус, дата на статуса ф /
Служител, извършил регистрацията/редакцията Пенка_Димитрова
944 ## - СЪЗДАВАНЕ И РЕДАКЦИЯ на ЗАПИСА
Създаване/Редакция Редакция
Дата на регистрацията/редакция 28.11.2016
Статус, дата на статуса ф /
Служител, извършил регистрацията/редакцията Виолета_Тройчева
999 ## - СИСТЕМНИ КОНТРОЛНИ НОМЕРА
Koha biblionumber 159070
Koha biblioitemnumber 159070
Наличности
Код за отписване Код за изгубен артикул Код за повреда Коз за рестрикции Код за отдаване Артикулен № Име на библиотеката - собственик Име на библиотеката, в която се намира в момента Статус (Текущо местоположение) Дата на вписване в системата Местоположение - отдел Цена в лева Инвентарен номер Систематично азбучна сигнатура Баркод Номер на екземпляра Цена в евро Служебна бележка Служебен тип на артикула
  Не е изгубен Не е повреден без рестрикции ползва се в читалня 265789 Регионална библиотека "Любен Каравелов" Русе Регионална библиотека "Любен Каравелов" Русе Хранилище 2014-10-15 Хранилище 4.00 120000781834 Цб 271281 120000781834 1 2.05 Дост: Dp Вид: Д N: 6 Дата: 04.02.2014 Книги
  Не е изгубен Не е повреден без рестрикции заемане за дома 265790 Регионална библиотека "Любен Каравелов" Русе Регионална библиотека "Любен Каравелов" Русе Детски отдел 2016-11-28 Детски отдел 5.00 120000806088 ДХ 820/899/Ц 23 120000806088 2 2.56 Дост: DA Вид: А N: 42 Дата: 28.11.2016 Книги
Vip Innovations Ltd, Rousse, Bulgaria 2025